Gramática española.
Na minha lista:
| Autor principal: | |
|---|---|
| Outros Autores: | |
| Formato: | Livro |
| Idioma: | espanhol |
| Publicado em: |
Barcelona, España:
Ariel,
1994.
|
| Edição: | 9a. edición. |
| Colecção: | Letras e Ideas.
|
| Assuntos: | |
| Tags: |
Adicionar Tag
Sem tags, seja o primeiro a adicionar uma tag!
|
MARC
| LEADER | 00000nam a22000007a 4500 | ||
|---|---|---|---|
| 003 | CL-VaPUC | ||
| 005 | 20220822114611.0 | ||
| 008 | 980130t19940000SP |||||||||||||||||spa|d | ||
| 999 | |c 436941 |d 436939 | ||
| 020 | |a 84-344-8344-0 | ||
| 040 | |c Pontificia Universidad Católica de Valparaíso | ||
| 082 | 0 | 4 | |a 465 ALC 1994 |2 22 |
| 100 | |a Alcina Franch, Juan |e autor |9 304603 | ||
| 245 | 1 | 0 | |a Gramática española. |
| 250 | |a 9a. edición. | ||
| 260 | |a Barcelona, España: |b Ariel, |c 1994. | ||
| 300 | |a 1274 páginas. | ||
| 490 | 0 | |a Letras e Ideas. | |
| 500 | |a c.1 Donación Familia Prof. Alejandro Guzmán Brito. | ||
| 583 | |a last modification |c 19980130 00:00:00 |k Yessy Sthefany Diaz Vidal | ||
| 650 | 0 | |a Español |9 870323 |x Gramática | |
| 650 | 0 | |a Español |9 870324 |x Sintaxis | |
| 700 | |a Blecua, José Manuel |e autor |9 304604 | ||
| 942 | |c BK |2 ddc |n 0 | ||
| 952 | |0 0 |1 0 |2 ddc |4 0 |6 465_000000000000000_ALC_1994 |7 0 |8 C_AGB |9 584674 |a BIBDER |b BIBDER |d 2022-07-12 |e Donación |i 5652671 |o 465 ALC 1994 |p 5652671 |r 2023-01-25 |t 1 |w 2022-07-12 |y BK_US |k AGB | ||